000 00433nab a2200145Ia 4500
003 ES-SlBCS
005 20210601142024.0
008 140529s1975 xxu||||| |||| 00| 0 spa d
041 _aspa
100 1 _aDelaunay, Albert
_990577
245 0 0 _aLa ciencia, la política y la felicidad
_c Albert Delaunay
650 0 4 _aCiencia-Política
_9125220
773 0 _tFuturo Presente
_gvol. 5, nº. 30, 1975, págs. 25-33
_wRev1223
942 _cAR
999 _c670271
_d670271